Teach yourself genetics / (Record no. 161081)

MARC details
000 -LEADER
fixed length control field 00642nam a2200241 4500
008 - FIXED-LENGTH DATA ELEMENTS--GENERAL INFORMATION
fixed length control field
020 ## - INTERNATIONAL STANDARD BOOK NUMBER
International Standard Book Number 0340867523 (pbk.)
049 ## - LOCAL HOLDINGS (OCLC)
Holding library MAIN
090 ## - LOCALLY ASSIGNED LC-TYPE CALL NUMBER (OCLC); LOCAL CALL NUMBER (RLIN)
Classification number (OCLC) (R) ; Classification number, CALL (RLIN) (NR) QH431
Local cutter number (OCLC) ; Book number/undivided call number, CALL (RLIN) JEN
003 - CONTROL NUMBER IDENTIFIER
control field
005 - DATE AND TIME OF LATEST TRANSACTION
control field 20230123134147.0
040 ## - CATALOGING SOURCE
Transcribing agency NUST
100 ## - MAIN ENTRY--PERSONAL NAME
Personal name Jenkins, Morton.
245 00 - TITLE STATEMENT
Title Teach yourself genetics /
Statement of responsibility, etc. Morton Jenkins.
246 ## - VARYING FORM OF TITLE
Title proper/short title Genetics.
260 ## - PUBLICATION, DISTRIBUTION, ETC.
Place of publication, distribution, etc. London :
Name of publisher, distributor, etc. Hodder Headline,
Date of publication, distribution, etc. 2003.
300 ## - PHYSICAL DESCRIPTION
Extent iv, 188 p. :
Other physical details ill. ;
Dimensions 20 cm.
440 ## - SERIES STATEMENT/ADDED ENTRY--TITLE
Title Teach yourself.
500 ## - GENERAL NOTE
General note Includes index.
650 #0 - SUBJECT ADDED ENTRY--TOPICAL TERM
Topical term or geographic name entry element Genetics.
907 ## - LOCAL DATA ELEMENT G, LDG (RLIN)
a .b1018840x
b 08-02-10
c 30-01-06
942 ## - ADDED ENTRY ELEMENTS (KOHA)
Koha item type Ordinary Loan Books
Call number prefix QH431
Call number suffix JEN
Holdings
Date last seen Total Checkouts Full call number Barcode Cost, replacement price Price effective from Koha item type Lost status Source of classification or shelving scheme Damaged status Not for loan Collection Withdrawn status Home library Current library Shelving location Date acquired Cost, normal purchase price
01/23/2023 10 QH431 JEN 92003025813 80.00 01/23/2023 BOOKS   LCC     NFIC   MAIN MAIN GEN 01/23/2023 80.00